<?xml version="1.0" encoding="UTF-8"?><?xml-stylesheet type="text/xsl" href="static/style.xsl"?><OAI-PMH xmlns="http://www.openarchives.org/OAI/2.0/" xmlns:xsi="http://www.w3.org/2001/XMLSchema-instance" xsi:schemaLocation="http://www.openarchives.org/OAI/2.0/ http://www.openarchives.org/OAI/2.0/OAI-PMH.xsd"><responseDate>2026-06-01T03:33:53Z</responseDate><request verb="GetRecord" identifier="oai:riuma.uma.es:10630/35320" metadataPrefix="marc">https://riuma.uma.es/rest/oai/request</request><GetRecord><record><header><identifier>oai:riuma.uma.es:10630/35320</identifier><datestamp>2026-02-03T10:58:16Z</datestamp><setSpec>com_10630_2254</setSpec><setSpec>col_10630_37953</setSpec></header><metadata><record xmlns="http://www.loc.gov/MARC21/slim" xmlns:dcterms="http://purl.org/dc/terms/" xmlns:doc="http://www.lyncode.com/xoai" xmlns:xsi="http://www.w3.org/2001/XMLSchema-instance" xsi:schemaLocation="http://www.loc.gov/MARC21/slim http://www.loc.gov/standards/marcxml/schema/MARC21slim.xsd">
   <leader>00925njm 22002777a 4500</leader>
   <datafield ind2=" " ind1=" " tag="042">
      <subfield code="a">dc</subfield>
   </datafield>
   <datafield ind2=" " ind1=" " tag="720">
      <subfield code="a">Nieto-Jiménez, José Carlos</subfield>
      <subfield code="e">author</subfield>
   </datafield>
   <datafield ind2=" " ind1=" " tag="260">
      <subfield code="c">2024-11</subfield>
   </datafield>
   <datafield ind2=" " ind1=" " tag="520">
      <subfield code="a">En este artículo se analiza la compleja tramitación en el Senado de un proyecto de ley, protagonizada por las controversias surgidas en torno a la cuestión de la homogeneidad de las enmiendas y del veto presupuestario. Concretamente se presta atención al veto presupuestario del Gobierno a la tramitación de una propuesta de modificación presentada en fase de Pleno, a su rechazo por la Mesa del Senado y a la resolución de esta controversia por la presidenta del Senado, quien decidió la anulación de una votación plenaria celebrada dos días antes.</subfield>
   </datafield>
   <datafield ind1="8" ind2=" " tag="024">
      <subfield code="a">Nieto Jiménez, J. C. (2024). Controversias sobre la calificación de enmiendas con repercusiones presupuestarias en el Senado. Teoría y Realidad Constitucional, (54), 449–483. https://doi.org/10.5944/trc.54.2024.43320</subfield>
   </datafield>
   <datafield ind1="8" ind2=" " tag="024">
      <subfield code="a">https://hdl.handle.net/10630/35320</subfield>
   </datafield>
   <datafield ind1="8" ind2=" " tag="024">
      <subfield code="a">10.5944/trc.54.2024.43320</subfield>
   </datafield>
   <datafield tag="653" ind2=" " ind1=" ">
      <subfield code="a">Enmiendas parlamentarias</subfield>
   </datafield>
   <datafield ind2="0" ind1="0" tag="245">
      <subfield code="a">Controversias sobre la calificación de enmiendas con repercusiones presupuestarias en el Senado</subfield>
   </datafield>
</record>
</metadata></record></GetRecord></OAI-PMH>